Interrogating politics and society : (Record no. 89054)

MARC details
000 -LEADER
fixed length control field 00773nam a22002177a 4500
005 - DATE AND TIME OF LATEST TRANSACTION
control field 20141007103823.0
010 ## - LCCN (DPL NO)
LC control number ENG-110992
020 ## - INTERNATIONAL STANDARD BOOK NUMBER
International Standard Book Number 9789380607771
Terms of availability 950.00
035 ## - SYSTEM CONTROL NUMBER
System control number EN-94524
037 ## - SOURCE OF ACQUISITION
Source of stock number/acquisition DBAD/PUB
082 ## - DEWEY DECIMAL CLASSIFICATION NUMBER
Classification number 32095414
100 ## - MAIN ENTRY--PERSONAL NAME
Personal name Das, Suranjan
245 ## - TITLE STATEMENT
Title Interrogating politics and society :
Statement of responsibility, etc by Suranjan Das
Remainder of title twentieth-century Indian subcontinent /
260 ## - PUBLICATION, DISTRIBUTION, ETC. (IMPRINT)
Place of publication, distribution, etc New Delhi
Name of publisher, distributor, etc Primus Books
Date of publication, distribution, etc 2014
270 ## - ADDRESS
Address Virat Bhavan, Mukherjee Nagar Commercial Complex
City New Delhi
Postal code 110009
300 ## - PHYSICAL DESCRIPTION
Extent xvi;211p. :
Dimensions 24cm(Hb)
Other physical details maps
500 ## - GENERAL NOTE
General note Includes bibliographical references and index.
650 ## - SUBJECT ADDED ENTRY--TOPICAL TERM
Topical term or geographic name as entry element Communalism
Geographic subdivision India
-- Bengal
General subdivision History.
650 ## - SUBJECT ADDED ENTRY--TOPICAL TERM
Topical term or geographic name as entry element Nationalism
Geographic subdivision India
-- Bengal
General subdivision History.
942 ## - ADDED ENTRY ELEMENTS (KOHA)
Source of classification or shelving scheme Dewey Decimal Classification
Item type English Books
Call number suffix DAS
Classification part 320.95414
Holdings
Withdrawn status Lost status Not for loan Collection code Home library Current library Date acquired Source of acquisition Cost, normal purchase price Full call number Barcode Copy number Cost, replacement price Koha item type
    Not For Loan Non-fiction D.B.Act.Division D.B.Act.Division 30/09/2014 DBAD/PUB 950.00 320.95414 DAS EN-94524 1 950.00 English Books

© Delhi Public Library
Hit Counter
free hit counter